Регионална библиотека "Любен Каравелов" - Русе

Histoire contemporaine de 1789 a nos jours (Запис номер 391344)

MARC детайли
000 -Лидер
Контролно поле с фиксирана дължина 01406nam a2200301 a 4500
003 - Код на организацията, давaща контролен номер
Контролно поле BLK
005 - Дата и час на последна редакция
Контролно поле 20231030123517.0
008 - Елементи от данни с фиксирана дължина
fixed length control field 201105b bu ||||| |||| 00| 0 bu d
040 ## - Източник на каталожния запис
Идентификатор на билиотеката - собственик на записа BLK
041 ## - Код за език
Код за езика на текст/звукозапис или на отделно заглавие Френски
Код за езика КДБФ Френски
080 ## - УДК
Текстов определител УДК Средновековна и нова обща история
УДК код - определител по УДК 94
УДК определител (100)
УДК - код + определител 94(100)
100 ## - Редна дума - Автор
R(LIN) 1299
Автор Marechal, E.
Авторска отговорност първи автор
245 ## - Сведения за заглавието
Заглавие Histoire contemporaine de 1789 a nos jours
Редно поле (дума) E. Marechal
250 ## - Област на изданието
Сведения за изданието 12. ed.
260 ## - Област на издателските данни
9 (RLIN) 435974
Място на издаване, разпространение и проч. Paris
Име на издателя, разпространителя и проч. Maison Jules Delalain et Fils
Година на издаване 1887
300 ## - Физическа характеристика
Страници 1183 с.
Размери/Мащаб 17 см
380 ## - Жанр
Жанр История
490 ## - СЕРИИ (Колекции)
9 (RLIN) 435080
Име на серия Колекция Редки и ценни издания
490 ## - СЕРИИ (Колекции)
9 (RLIN) 435931
Име на серия Лична библиотека на Захари Стоянов
№: серия 15
500 ## - Общи забележки
Забележка Датирана: 27.І.936 г. № 176. Подчертавания в текста
650 #0 - Допълнително описание по предмет – тема
9 (RLIN) 246041
Основно описание – тема или топоним История, нова
852 ## - Местоположение
Форматна сигнатура Рф 887 ЗСт
Фондова буква Редки и ценни
856 ## - Електронен адрес и достъп
Име на файл Съдържание
Права за достъп Достъп за регистрирани потребители
Електронен формат jpg - файл
Път до файла /url/ http://185.138.176.146:18082/cgi-bin/koha/opac-retrieve-file.pl?id=5fba7a9c7d8fa23be6707446efa454f7
Допълнителна информация (Корица, съдържание, пълен текст, звуков файл, HTML файл) Изображение
Информация за съдържанието Съдържание 1
856 ## - Електронен адрес и достъп
Име на файл Съдържание
Права за достъп Достъп за регистрирани потребители
Електронен формат jpg - файл
Път до файла /url/ http://185.138.176.146:18082/cgi-bin/koha/opac-retrieve-file.pl?id=10acba1ba7c208f69d92efae4dcef26b
Допълнителна информация (Корица, съдържание, пълен текст, звуков файл, HTML файл) Изображение
Информация за съдържанието Съдържание 2
942 ## - АРТИКУЛИ
Вид на библиотечния материал Книги
Скрит в OPAC Не
Периодичен библиозапис Да
944 ## - СЪЗДАВАНЕ И РЕДАКЦИЯ на ЗАПИСА
Създаване/Редакция Създаване
Дата на регистрацията/редакция 2020-11-05
Служител, извършил регистрацията/редакцията 30542
Статус, дата на статуса Русанова Ирена
999 ## - СИСТЕМНИ КОНТРОЛНИ НОМЕРА
Koha biblionumber 391344
Koha biblioitemnumber 391344
999 ## - СИСТЕМНИ КОНТРОЛНИ НОМЕРА
Koha biblioitemnumber 391344
Наличности
Код за отписване Код за изгубен артикул Източник на класификационната схема Код за повреда Коз за рестрикции Код за отдаване Артикулен № Име на библиотеката - собственик Име на библиотеката, в която се намира в момента Статус (Текущо местоположение) Дата на вписване в системата Местоположение - отдел Цена в лева Инвентарен номер Систематично азбучна сигнатура Баркод Цена в евро Служебен тип на артикула
  Не е изгубен Universal Decimal Classification Не е повреден само за читалня Специални фондове ( старопечатни, редки и ценни, фонд М. Арнаудов) 804798 Регионална библиотека "Любен Каравелов" Русе Регионална библиотека "Любен Каравелов" Русе Редки и ценни 2020-11-06 Редки и ценни 2.34 10690 Рф 887 ЗСт 900000038406 1.20 Книги
Vip Innovations Ltd, Rousse, Bulgaria 2025